| 000 -LEADER |
| fixed length control field |
00736cam a22002294a 4500 |
| 020 ## - INTERNATIONAL STANDARD BOOK NUMBER |
| ISBN |
0813539560 (hardcover : alk. paper) |
| 020 ## - INTERNATIONAL STANDARD BOOK NUMBER |
| ISBN |
0813539579 (pbk. : alk. paper) |
| 020 ## - INTERNATIONAL STANDARD BOOK NUMBER |
| ISBN |
9780813539560 |
| 020 ## - INTERNATIONAL STANDARD BOOK NUMBER |
| ISBN |
9780813539577 |
| 040 ## - CATALOGING SOURCE |
| Transcribing agency |
DLC |
| 082 00 - DEWEY DECIMAL CLASSIFICATION NUMBER |
| Classification number |
323 RUP 2007 C151 Or. |
| 100 1# - MAIN ENTRY--AUTHOR NAME |
| Personal name |
Caldwell, Kia Lilly, |
| 245 10 - TITLE STATEMENT |
| Title |
Negras in Brazil : |
| Remainder of title |
re-envisioning black women, citizenship, and the politics of identity / |
| 260 ## - PUBLICATION, DISTRIBUTION, ETC. (IMPRINT) |
| Place of publication |
New Brunswick, N.J. : |
| Name of publisher |
Rutgers University Press, |
| Year of publication |
c2007. |
| 300 ## - PHYSICAL DESCRIPTION |
| Number of Pages |
xxii, 226 p. : |
| Other physical details |
ill. ; |
| Dimensions |
23 cm. |
| 650 #0 - SUBJECT ADDED ENTRY--TOPICAL TERM |
| Topical Term |
Women, Black |
| 650 #0 - SUBJECT ADDED ENTRY--TOPICAL TERM |
| Topical Term |
Women, Black |
| 650 #0 - SUBJECT ADDED ENTRY--TOPICAL TERM |
| Topical Term |
Feminism |
| 650 #0 - SUBJECT ADDED ENTRY--TOPICAL TERM |
| Topical Term |
Blacks |
| 856 41 - ELECTRONIC LOCATION AND ACCESS |
| Uniform Resource Identifier |
http://www.loc.gov/catdir/toc/ecip0612/2006013357.html |
| 942 ## - ADDED ENTRY ELEMENTS (KOHA) |
| Koha item type |
ADB |
| 952 ## - LOCATION AND ITEM INFORMATION (KOHA) |
| Withdrawn status [LOCAL, KOHA] |
0 |